00326 a2200145 450000100060000002000180000604100080002408200100003210000160004225000100005885600240006804000250009224500330011726000300015048264 a9788578480226 apor a028.5 aPrap, Lila. a. ed. u000023/000023d5.jpg aBR-BrIDEAcBR-BrIDEA10a1001 históriasc Lila Prap aSão PaulobBirutac2009